00639nam a2200181 i 450000100060000000300090000600500170001500700030003200800410003510000280007624501170010426000290022130000220025070000270027285200210029999900170032095201200033787033ES-MaACL20230906175557.0t|041217s1936 fr ||||1| fre d1 aKorngold, Ralph.96860410aRobespierre b: le premier des dictateurs modernes / cRalph Korngold ; traduction française de Jacques Marty. aParis : bPayot, c1936. a348 p. ; c23 cm.1 aMarty, Jacques.978564 aES-MaACLjA-4450 c87033d87033 00104070aATENEOMbATENEOMcSPP1d2008-01-17eSCl0oA-4450p1090935r2023-02-23 00:00:00w2023-02-23yMONOGRAFIA